Visualizzazione normale
Vista MARC
- Giuliani Stefania
di Personal Name
Records bibliografici associati: 1
001 - CONTROL NUMBER
- control field: 36525
003 - CONTROL NUMBER IDENTIFIER
- control field: IT-RoPau
005 - DATE AND TIME OF LATEST TRANSACTION
- control field: 20151125144656.0
008 - FIXED-LENGTH DATA ELEMENTS
- fixed length control field: 151125|| aca||aabn | a|a d
040 ## - CATALOGING SOURCE
- Original cataloging agency: IT-RoPau
- Transcribing agency: IT-RoPau
100 ## - HEADING--PERSONAL NAME
- Personal name: Giuliani Stefania
- Relator term: (regista)
- Miscellaneous information: Codice secondo regista SPICS: 57464
670 ## - SOURCE DATA FOUND
- Source citation: Work cat.: (IT-RoPau)104582: Di Diodato Roberto Codice regista SPICS: 55765 36519, CAMMINO DI DIO CON L'UOMO (IL) - LA STORIA DELLE ORIGINI CAMMINO DI DIO CON L'UOMO (IL) - LA STORIA DELLE ORIGINI (Rif. Codice opera principale : H3882)